[Event "Iberoamerican-ch 9th"]
[Site "Panama City"]
[Date "2023.11.29"]
[Round "6"]
[White "Pazos Gambarrotti, Plinio Efrain"]
[Black "Cortes Franco, Adrian Ignacio"]
[Result "1-0"]
[WhiteElo "1995"]
[BlackElo "1364"]
[PlyCount "99"]
[EventDate "2023.11.25"]
[EventType "swiss"]
[EventRounds "9"]
[EventCountry "PAN"]
[SourceTitle "CB49_2023"]
[SourceDate "2023.12.06"]
[SourceVersion "1"]
[SourceVersionDate "2023.12.06"]
[SourceQuality "1"]

1. e4 Nc6 2. Nf3 d6 3. d4 Nf6 4. Nc3 g6 5. d5 Nb8 6. Be2 Bg7 7. 0-0 0-0 8. h3 Nbd7 9. Be3 c6 10. Qd2 cxd5 11. exd5 Qa5 12. Nd4 a6 13. Rfe1 Qc7 14. Bh6 Nb6 15. Bxg7 Kxg7 16. Bf3 Nc4 17. Qc1 Re8 18. Nce2 Ne5 19. Nf4 b6 20. Qe3 Kg8 21. b3 b5 22. Be2 Bb7 23. Nfe6 fxe6 24. Nxe6 Nxd5 25. Qh6 Nf3+ 26. Bxf3 Qc3 27. Rad1 Rab8 28. Bxd5 Bxd5 29. Re3 Qf6 30. Rxd5 Rbc8 31. Rd2 Rc3 32. Rde2 Rec8 33. Ng5 Rxe3 34. Rxe3 Qg7 35. Qxg7+ Kxg7 36. f4 h6 37. Rxe7+ Kg8 38. Ne6 Rxc2 39. Rg7+ Kh8 40. Rxg6 Kh7 41. Nf8+ Kh8 42. Nd7 Kh7 43. f5 Rc8 44. Nf6+ Kh8 45. Nd5 Kh7 46. Rxd6 Ra8 47. Rd7+ Kh8 48. Nf6 Ra7 49. Rxa7 b4 50. Rh7# 1-0

[Event "Iberoamerican-ch 9th"]
[Site "Panama City"]
[Date "2023.11.27"]
[Round "4"]
[White "Leal Escamilla, Daniel Zinedine"]
[Black "Cortes Franco, Adrian Ignacio"]
[Result "1-0"]
[WhiteElo "1749"]
[BlackElo "1364"]
[PlyCount "133"]
[EventDate "2023.11.25"]
[EventType "swiss"]
[EventRounds "9"]
[EventCountry "PAN"]
[SourceTitle "CB49_2023"]
[SourceDate "2023.12.06"]
[SourceVersion "1"]
[SourceVersionDate "2023.12.06"]
[SourceQuality "1"]

1. d4 Nc6 2. d5 Ne5 3. f4 Ng6 4. e4 e5 5. dxe6 fxe6 6. h4 Nxh4 7. Qh5+ Ng6 8. e5 Nh6 9. Bd3 Kf7 10. Nf3 Be7 11. g4 Kg8 12. f5 Nf7 13. f6 Bf8 14. Ng5 Qe8 15. Nxf7 Qxf7 16. Bxg6 Qxg6 17. Qxg6 hxg6 18. f7+ Kxf7 19. Rxh8 b6 20. Bg5 Bb7 21. Nd2 Bd5 22. 0-0-0 Bg2 23. Rg1 Bc5 24. Rxa8 Bxa8 25. Rf1+ Kg8 26. Nb3 Bf8 27. Bd8 Bc6 28. Bxc7 Be7 29. Nd4 Bd5 30. b3 Ba3+ 31. Kd2 Be7 32. c4 Bg2 33. Rg1 Be4 34. Ke3 Bb7 35. Bd6 Bg5+ 36. Kd3 Kh7 37. Nb5 a6 38. Nd4 Bd8 39. b4 Kh6 40. Bf8 Bc7 41. g5+ Kh7 42. Bd6 Bd8 43. Ke3 Kg8 44. Kf4 Kh7 45. Kg4 Kg8 46. Rf1 Kh7 47. Rf8 b5 48. c5 a5 49. a3 axb4 50. axb4 Bd5 51. Rxd8 Bb3 52. Nxb5 Bd1+ 53. Kh4 Be2 54. Nd4 Bg4 55. Rh8+ Kxh8 56. Kxg4 Kh7 57. b5 Kh8 58. b6 Kg8 59. b7 Kf7 60. Nb5 Kg8 61. b8Q+ Kh7 62. Qc7 Kh8 63. Qxd7 Kg8 64. Qe8+ Kh7 65. Qf7 Kh8 66. Bf8 Kh7 67. Qxg7# 1-0

[Event "Panama op 4th"]
[Site "Panama City"]
[Date "2023.11.10"]
[Round "8"]
[White "Cortes Franco, Adrian Ignacio"]
[Black "Oquendo Jimenez, Abel"]
[Result "1-0"]
[WhiteElo "1364"]
[BlackElo "1884"]
[PlyCount "51"]
[EventDate "2023.11.06"]
[EventType "swiss"]
[EventRounds "9"]
[EventCountry "PAN"]
[SourceTitle "CB46_2023"]
[SourceDate "2023.11.15"]
[SourceVersion "1"]
[SourceVersionDate "2023.11.15"]
[SourceQuality "1"]

1. e4 c5 2. Nc3 e6 3. f4 d5 4. Bb5+ Nc6 5. Bxc6+ bxc6 6. d3 Ba6 7. Nf3 dxe4 8. Nxe4 Nf6 9. Be3 Be7 10. Qd2 Qd5 11. Nc3 Qh5 12. 0-0-0 c4 13. Ne5 cxd3 14. cxd3 0-0 15. h3 g6 16. g4 Qh6 17. g5 Qg7 18. Nxc6 Bd6 19. gxf6 Qh6 20. f5 Qh5 21. Ne7+ Kh8 22. fxe6 fxe6 23. Ne4 Be5 24. Rdf1 Rad8 25. Bh6 Rf7 26. Ng5 1-0

[Event "Panama op 4th"]
[Site "Panama City"]
[Date "2023.11.08"]
[Round "5"]
[White "Cebrian Kant, Justo Jose"]
[Black "Cortes Franco, Adrian Ignacio"]
[Result "0-1"]
[WhiteElo "1055"]
[BlackElo "1364"]
[PlyCount "92"]
[EventDate "2023.11.06"]
[EventType "swiss"]
[EventRounds "9"]
[EventCountry "PAN"]
[SourceTitle "CB46_2023"]
[SourceDate "2023.11.15"]
[SourceVersion "1"]
[SourceVersionDate "2023.11.15"]
[SourceQuality "1"]

1. d4 Nc6 2. Nf3 d6 3. e4 Nf6 4. Nc3 g6 5. e5 dxe5 6. dxe5 Qxd1+ 7. Nxd1 Ng4 8. Bb5 Bd7 9. Bf4 Bg7 10. Bxc6 Bxc6 11. h3 Bxf3 12. gxf3 Nxe5 13. Ke2 0-0-0 14. Nc3 Nc4 15. Rab1 a6 16. Rhd1 Rxd1 17. Nxd1 Rd8 18. Ne3 Nxb2 19. Bg5 Na4 20. Rb4 Nc3+ 21. Kf1 f6 22. Bf4 Nxa2 23. Rc4 e5 24. Bg3 Rd4 25. Rc5 b6 26. Rc6 Nb4 27. Rc3 Nd5 28. Nxd5 Rxd5 29. Ke2 c5 30. Ke3 b5 31. Ra3 Kb7 32. f4 f5 33. fxe5 Bxe5 34. Bh4 h6 35. f4 Rd4 36. fxe5 Rxh4 37. Kd2 Re4 38. Rd3 Rd4 39. Rxd4 cxd4 40. Kd3 a5 41. Kxd4 Kc6 42. e6 Kd6 43. e7 Kxe7 44. Kc5 a4 45. Kb4 f4 46. c4 bxc4 0-1